| 000 | 00780cam a22002531 4500 | ||
|---|---|---|---|
| 999 |
_c37278 _d37278 |
||
| 001 | 10360090 | ||
| 003 | ARRUPE | ||
| 005 | 20190123121247.0 | ||
| 008 | 720728s1967 enkb 000 0 eng | ||
| 010 | _a 67111282 | ||
| 015 | _aB67-19909 | ||
| 035 | _a(OCoLC)368664 | ||
| 040 |
_aDLC _cOU _dOCoLC _dUk _dDLC |
||
| 042 | _apremarc | ||
| 050 | 0 | 0 |
_aDT20 _b.O39 |
| 082 | _a960/.2/08 | ||
| 100 | 1 |
_aOliver, Roland Anthony. _931383 |
|
| 245 | 1 | 4 |
_aThe middle age of African history, _cedited by Roland Oliver; maps drawn by Regmarad. |
| 260 |
_aLondon, _bOxford U.P., _c1967. |
||
| 300 |
_a[6], 105 p. _bmaps. _c21 cm. |
||
| 651 | 0 |
_aAfrica _xHistory. _931573 |
|
| 906 |
_a7 _bcbc _coclcrpl _du _encip _f19 _gy-gencatlg |
||
| 942 |
_2lcc _cMONOGRAPH |
||